Представление документа в формате MARC21

Поле Инд. ПП Название Значение
Тип записи a
Библиографический уровень b
001 Контрольный номер RU/IS/BASE/130602427
005 Дата корректировки 20200526074527.6
084 a Индекс другой классификации/Индекс ББК 66.3(2Рос)0в1
a Индекс другой классификации/Индекс ББК 60.033.145.2; 60.028
097 00 a 720
100 10 a Автор Владимиров А. И.
245 00 a Заглавие О национальной государственной идее России
500 a Примечание Окончание. Начало см. Вестник Моск.ун-та. Сер.7, Философия, 2000, № 2, с. 14 - 27
504 00 a Библиография Библиогр. ссылки
650 a Основная рубрика внутренняя политика
a Основная рубрика политика
a Основная рубрика социальная философия
a Основная рубрика философия
a Основная рубрика философия истории
653 00 a Ключевые слова государственная идея
a Ключевые слова имперская власть
a Ключевые слова национальная идея
a Ключевые слова национальная стратегия
a Ключевые слова российская цивилизация
a Ключевые слова Россия
a Ключевые слова стратегия непрямых действий
773 00 t Заглавие источника Вестник Московского университета. Серия 7, Философия
d Дата издания источника 2000
g Прочая информация № 3. - С. 41 - 69
w Контрольный № источника RU/IS/BASE/149609502
901 t Тип документа b